| 000 | 00796cam a2200217 i 4500 | ||
|---|---|---|---|
| 020 | _a0471049344 : | ||
| 082 | 0 | 0 |
_a515 _bAMA _cD |
| 100 | 1 |
_aAmazigo, John C. _939213 |
|
| 245 | 1 | 0 |
_aAdvanced calculus and its applications to the engineering and physical sciences / _cJohn C. Amazigo, Lester A. Rubenfeld. |
| 260 |
_aNew York : _bWiley, _cc1980. |
||
| 300 |
_aviii, 407 p. : _bill. ; _c24 cm. |
||
| 526 |
_a0 _b0 _c0 _d515_000000000000000_AMA |
||
| 650 | 0 | _aCalculus. | |
| 650 | 0 |
_aEngineering mathematics. _92310 |
|
| 650 | 0 |
_aMCE _9379 |
|
| 650 | 0 |
_aPhysical sciences _xMathematics. _910515 |
|
| 700 | 1 |
_aRubenfeld, Lester A., _939214 |
|
| 856 | 4 | _uhttp://www.loc.gov/catdir/toc/onix03/80000283.html | |
| 856 | 4 | 2 | _uhttp://www.loc.gov/catdir/description/wiley032/80000283.html |
| 942 |
_2ddc _cBK |
||
| 999 |
_c543734 _d543734 |
||